[Event "Uxbridge Int Petrosian"]
[Site "Uxbridge ENG"]
[Date "2010.02.16"]
[Round "7"]
[White "De Coverly,R"]
[Black "Armstrong,M"]
[Result "0-1"]
[WhiteElo "2109"]
[BlackElo "2019"]

1.e4 d5 2.exd5 Qxd5 3.Nc3 Qd6 4.Nf3 c6 5.Be2 Bf5 6.O-O Nf6 7.d3 e6 8.Bg5 Nbd7
9.Qd2 Qc7 10.Nd4 Bg6 11.Bf3 Bd6 12.g3 a6 13.Rae1 O-O 14.Ne4 Nxe4 15.dxe4 c5
16.Ne2 f6 17.Bf4 Ne5 18.Bg2 Rad8 19.Qc1 Nc6 20.Be3 Be7 21.Rd1 Bh5 22.f3 Rxd1
23.Rxd1 Rd8 24.Nf4 Bf7 25.Bh3 Rd6 26.Rxd6 Qxd6 27.Qd2 Qxd2 28.Bxd2 Nd4 29.Kf2 g5
30.Ne2 Nxc2 31.f4 h6 32.e5 f5 33.Bg2 b6 34.Bb7 a5 35.a3 Be8 36.Ba6 Kf7 37.Bd3 Na1
38.Bc3 Nb3 39.Bc4 Ba4 40.Ke3 Bd8 41.Bxb3 Bxb3 42.Nc1 Bd5 43.b4 axb4 44.axb4 cxb4
45.Bxb4 b5 46.Nd3 Bc4 47.Nc5 Bb6 48.Kd4 gxf4 49.gxf4 Kg6 50.Be1 Kh5 51.Bb4 Kg4
52.Ke3 Kh3 53.Kf3 Bd5+ 54.Ke2 Bxc5 55.Bxc5 Kxh2 56.Bf2 Kh3 57.Be1 h5 58.Kf2 Kg4
59.Bd2 h4 60.Kg1 h3 61.Kh2 Bg2 62.Bc1 Kf3 63.Bd2 Ke2  0-1

[Event "Frauenbundesliga 2009-10"]
[Site "Germany GER"]
[Date "2010.02.20"]
[Round "6"]
[White "Zschischang,M"]
[Black "Zatonskih,A"]
[Result "0-1"]
[WhiteElo "2089"]
[BlackElo "2466"]

1.e4 d5 2.exd5 Qxd5 3.Nc3 Qd6 4.Nf3 c6 5.Bc4 Nf6 6.Qe2 Nbd7 7.d3 e6 8.O-O Be7
9.Bg5 O-O 10.Rad1 b5 11.Bb3 Qc7 12.Rfe1 Bb4 13.d4 Bb7 14.Ne5 a6 15.Nxf7 Rxf7
16.Bxe6 Nf8 17.Bxf7+ Qxf7 18.Bxf6 Bxc3 19.bxc3 gxf6 20.Qe7 Ng6 21.Qxf7+ Kxf7
22.f3 Rd8 23.Kf2 Bc8 24.g4 Be6 25.a3 Nf4 26.Kg3 Nd5 27.Rd3 f5 28.Re5 Rg8
29.Rd1 fxg4 30.f4 Kf6 31.Rde1 Bf5 32.c4 bxc4 33.Re8 Rxe8 34.Rxe8 Bxc2 35.Kxg4 Bd1+
36.Kg3 c3 37.Rc8 Ne7 38.Rf8+ Kg7 39.Re8 Kf7 40.Rh8 c2 41.Rxh7+ Ke8  0-1

[Event "Frauenbundesliga 2009-10"]
[Site "Germany GER"]
[Date "2010.02.20"]
[Round "6"]
[White "Schulz,A2"]
[Black "Fey,F"]
[Result "1-0"]
[WhiteElo "1996"]
[BlackElo "1995"]

1.e4 d5 2.exd5 Qxd5 3.Nc3 Qd6 4.d4 Nf6 5.Nf3 a6 6.g3 Nc6 7.Bf4 Qd8 8.Bg2 Bg4
9.O-O e6 10.h3 Bh5 11.g4 Bg6 12.Ne5 Nd5 13.Nxd5 exd5 14.Re1 Ne7 15.c4 c6
16.Qb3 dxc4 17.Qxb7 Rc8 18.Bxc6+ Rxc6 19.Nxc6  1-0

[Event "ch-CHI"]
[Site "Santiago CHI"]
[Date "2010.02.20"]
[Round "4"]
[White "Lopez Silva,H"]
[Black "Garcia Cardenas,P"]
[Result "1-0"]
[WhiteElo "2412"]
[BlackElo "2324"]

1.e4 d5 2.exd5 Qxd5 3.Nc3 Qd6 4.d4 Nf6 5.Nf3 c6 6.Ne5 Nbd7 7.Nc4 Qc7 8.g3 Nb6
9.Ne5 g6 10.Bg2 Bg7 11.Bf4 Qd8 12.O-O O-O 13.Re1 Be6 14.Bg5 Qc7 15.Qe2 Rad8
16.Rad1 Rfe8 17.b3 Nfd7 18.Nf3 Qc8 19.Ne4 f6 20.Bc1 Bd5 21.c4 Bxe4 22.Qxe4 e5
23.dxe5 Nxe5 24.Nxe5 Rxe5 25.Qh4 Rxd1 26.Rxd1 Qe6 27.Be3 Bf8 28.Bd4 Re2 29.Bxf6 Rxa2
30.Bc3 Qf7 31.Qd4 Bg7 32.Qd8+ Qf8 33.Bxg7 Kxg7 34.Qxf8+ Kxf8 35.Rd8+ Ke7
36.Rb8 Ra1+ 37.Bf1 Nd7 38.Rxb7 a5 39.Ra7 Kd6 40.b4 a4 41.c5+ Ke6 42.Kg2 Ne5
43.f4 Ng4 44.Bc4+ Kf5 45.Bd3+ Kf6 46.h3 Ne3+ 47.Kf3 Nd5 48.Bc4 Ra3+ 49.Kf2 Kf5
50.b5 Ke4 51.bxc6 Rc3 52.Bxd5+ Kxd5 53.c7  1-0

[Event "18th Fajr Open"]
[Site "Mashhad IRI"]
[Date "2010.02.21"]
[Round "2"]
[White "Babujian,L"]
[Black "Dinarvand,J"]
[Result "1-0"]
[WhiteElo "2497"]
[BlackElo "1989"]

1.e4 d5 2.exd5 Qxd5 3.Nc3 Qd6 4.d4 a6 5.g3 Nc6 6.Bf4 e5 7.dxe5 Qxd1+ 8.Rxd1 Be6
9.Bg2 Bb4 10.Ne2 Nge7 11.O-O Ng6 12.Nd5 Ba5 13.Nd4 Nxf4 14.Nxf4 Nxd4 15.Rxd4 Bb6
16.Nxe6 Bxd4 17.Nxd4 O-O-O 18.Nf5 Rd2 19.Be4 g6 20.Ne3 Rd4 21.Bd5 Rf8 22.Re1 c6
23.Bb3 b5 24.f4 h5 25.Kf2 h4 26.Kf3 hxg3 27.hxg3 a5 28.c3 Rd2 29.Re2 Rxe2
30.Kxe2 a4 31.Bc2 Rh8 32.Be4 Rh2+ 33.Bg2 c5 34.g4 b4 35.cxb4 cxb4 36.Kd3 Rh8
37.Kc4 b3 38.axb3 axb3 39.Kxb3 Kc7 40.Kc4 Kd7 41.b4 Rc8+ 42.Kd4 Rc1 43.b5 Rb1
44.Bc6+ Ke6 45.f5+ gxf5 46.gxf5+ Ke7 47.b6 Kd8 48.Nd5 Rd1+ 49.Kc5 f6 50.b7 Rb1
51.Bb5 Rc1+ 52.Kd6  1-0

[Event "4th SOP-SMAOK Open"]
[Site "Athens GRE"]
[Date "2010.02.23"]
[Round "7"]
[White "Nikolaidis,G"]
[Black "Georgiopoulos,H"]
[Result "0-1"]
[WhiteElo "1889"]
[BlackElo "1872"]

1.e4 d5 2.exd5 Qxd5 3.Nc3 Qd6 4.Nf3 Bg4 5.Be2 Nf6 6.O-O Nc6 7.Nb5 Qd7 8.d4 a6
9.Nc3 e6 10.Be3 Bd6 11.h3 Bf5 12.Nh4 Bg6 13.Nxg6 hxg6 14.Qd2 O-O-O 15.Rad1 Rh4
16.d5 exd5 17.Bg5 Rd4 18.Qe3 Rxd1 19.Rxd1 Re8 20.Bxf6 Rxe3 21.Bg4 Re6  0-1

[Event "Reykjavik Open"]
[Site "Reykjavik ISL"]
[Date "2010.02.24"]
[Round "1"]
[White "Cori,J"]
[Black "Flaata,A"]
[Result "1-0"]
[WhiteElo "2483"]
[BlackElo "2069"]

1.e4 d5 2.exd5 Qxd5 3.Nc3 Qd6 4.d4 Nf6 5.Nf3 a6 6.Be2 Nc6 7.O-O Bg4 8.Be3 e6
9.Qd2 Be7 10.Rad1 Rd8 11.Qc1 Nd5 12.Ne4 Qd7 13.c4 Nxe3 14.fxe3 Qc8 15.h3 Bh5
16.a3 O-O 17.Nc3 a5 18.Kh1 f5 19.Ng1 Bxe2 20.Ngxe2 Bg5 21.d5 Ne7 22.Nf4 Bxf4
23.Rxf4 e5 24.Rf2 Ng6 25.Rdf1 c6 26.e4 f4 27.b4 axb4 28.axb4 Nh4 29.Kh2 g5
30.Qd1 Rf6 31.Qh5 Rg6 32.g3 fxg3+ 33.Kxg3 cxd5 34.Nxd5 Qxc4 35.Rf7 Qd3+ 36.R1f3  1-0

[Event "XIII Open"]
[Site "Malaga ESP"]
[Date "2010.02.25"]
[Round "7"]
[White "Garcia Rodriguez,Vi"]
[Black "Terron Elena,F"]
[Result "1/2-1/2"]
[WhiteElo "2137"]
[BlackElo "2278"]

1.e4 d5 2.exd5 Qxd5 3.Nc3 Qd6 4.d4 Nf6 5.Nf3 a6 6.Be3 b5 7.a3 Bb7 8.Be2 Nbd7
9.h3 e6 10.O-O Be7 11.Re1 O-O 12.Qd2 c5 13.dxc5 Qxd2 14.Nxd2 Nxc5 15.Bf3 Bxf3
16.Nxf3 Rfc8 17.Red1 Rab8 18.Ne1 a5 19.Ne2 Nd5 20.Bd2 Bf6 21.Rab1 b4 22.Nf4 Na4
23.Nxd5 exd5 24.Nd3 Rxc2 25.axb4 axb4 26.Nxb4 Rxd2 27.Rxd2 Rxb4 28.Rxd5 Rxb2
29.Rxb2 Nxb2 30.g4 h6 31.f4 Na4 32.Kg2 Nc3 33.Ra5 Ne2 34.Kf3 Nd4+ 35.Ke4 Ne6
36.Ra8+ Kh7 37.Ra7 Kg8 38.Ra8+ Nf8 39.Kf5 Bh4 40.Ke4 g6 41.Rb8 Kg7 42.Ra8 Ne6
43.Kf3 Be1 44.Ra1 Bc3 45.Ra2 Be1 46.Ra1 Bd2 47.f5 gxf5 48.gxf5 Ng5+ 49.Kg4 Ne4
50.Ra2 Bc3 51.Ra6 Be5 52.Kf3 Nd6 53.Kg4 Kf6 54.Rc6 h5+ 55.Kxh5 Kxf5 56.Rc7 f6
57.Rc5 Ne4 58.Ra5 Ng3+ 59.Kh6 Ke4 60.Ra4+ Bd4 61.Ra3 Ne2 62.h4 f5 63.Kg5 f4
64.Kg4 Nc3 65.Ra8 Nd5 66.Re8+ Be5 67.Ra8 Ne3+ 68.Kg5 Nd5 69.h5 f3 70.Ra2 Bf6+
71.Kg6 Bd4 72.h6 Nf4+ 73.Kf7 Ne2 74.Rd2 Be3 75.h7 Bxd2 76.h8=Q Ng3 77.Qe8+ Kd3
78.Qb5+ Kd4 79.Qb6+ Kd3 80.Qd6+ Ke2 81.Qxg3 f2 82.Qg4+ Ke1 83.Qe4+ Kd1 84.Qd3 Ke1
85.Qb1+ Ke2 86.Qb5+ Ke1  1/2-1/2

[Event "ch-IND National Teams"]
[Site "Gurgaon IND"]
[Date "2010.02.26"]
[Round "7"]
[White "Ramnath,B"]
[Black "Deepak,Ka"]
[Result "0-1"]
[WhiteElo "2382"]
[BlackElo "2174"]

1.e4 d5 2.exd5 Qxd5 3.Nc3 Qd6 4.d4 Nf6 5.Nf3 a6 6.Bd3 Bg4 7.h3 Bh5 8.Ne4 Nxe4
9.Bxe4 Nc6 10.c3 e6 11.Qa4 b5 12.Qc2 Bg6 13.Bf4 Qd7 14.O-O-O O-O-O 15.Ne5 Nxe5
16.dxe5 Qe8 17.Bxg6 hxg6 18.Qe4 Rxd1+ 19.Rxd1 Kb8 20.Be3 Be7 21.b4 Rh4 22.f4 g5
23.Kc2 gxf4 24.Bf2 Rh5 25.Bc5 Bg5 26.a4 bxa4 27.b5 axb5 28.Rb1 f3 29.Qxa4 Qc6
30.Rxb5+ Kc8 31.gxf3 Rh4 32.Bd4 Rxh3 33.Qb4 Rh2+ 34.Kb3 Be7 35.Qa5 Qxf3 36.Qa6+ Kd7
37.Qa5 Qd1+ 38.Kc4 Qe2+ 39.Kb3 Qb2+ 40.Kc4 Qa2+ 41.Qxa2 Rxa2 42.Rb8 Rg2 43.Rg8 Rg5
44.Kd3 Rg3+ 45.Ke4 Rg5 46.Be3 Rg6 47.Bd4 Ba3 48.Be3 Kc6 49.Rc8 f5+ 50.Kf3 Rg4
51.Rg8 Bc5 52.Bf4 Rg1 53.c4 Be7 54.Re8 Kd7 55.Ra8 g5 56.Be3 Rg4 57.c5 Re4
58.Rg8 g4+ 59.Kf2  0-1

[Event "18th Fajr Open"]
[Site "Mashhad IRI"]
[Date "2010.02.26"]
[Round "10"]
[White "Darini,P"]
[Black "Tiviakov,S"]
[Result "0-1"]
[WhiteElo "2401"]
[BlackElo "2662"]

1.e4 d5 2.exd5 Qxd5 3.Nc3 Qd6 4.d4 Nf6 5.Nf3 c6 6.Ne5 Nbd7 7.Nc4 Qc7 8.a4 g6
9.g3 Bg7 10.Bg2 Nb6 11.Ne5 a5 12.O-O O-O 13.Bf4 Qd8 14.Qd2 Bf5 15.Be3 Nbd5
16.Nxd5 Nxd5 17.c3 Nxe3 18.Qxe3 Qb6 19.Nc4 Qa6 20.Ne5 Qb6 21.Nc4 Qc7 22.Rfe1 Be6
23.Ne5 Rad8 24.h4 Bf5 25.Bf3 Rfe8 26.Qf4 Qd6 27.g4 Be6 28.h5 f6 29.Nd3 Bf7
30.Qxd6 exd6 31.hxg6 hxg6 32.d5 cxd5 33.Nf4 d4 34.cxd4 f5 35.gxf5 gxf5 36.Red1 d5
37.Ra3 Rd6 38.Rb3 b6 39.Re3 Rc8 40.Re5 Bxe5 41.dxe5 Rdc6 42.e6 Be8 43.Rxd5 Rc5
44.Rd6 b5 45.axb5 Rxb5 46.Ra6 Re5 47.Ra7 Kf8 48.Bd5 a4  0-1

[Event "Reykjavik Open"]
[Site "Reykjavik ISL"]
[Date "2010.02.26"]
[Round "3"]
[White "Lagerman,R"]
[Black "Flaata,A"]
[Result "1/2-1/2"]
[WhiteElo "2347"]
[BlackElo "2069"]

1.e4 d5 2.exd5 Qxd5 3.Nc3 Qd6 4.d4 Nf6 5.Nf3 a6 6.Bc4 e6 7.Qe2 b5 8.Bb3 Bb7
9.Bg5 Nbd7 10.O-O-O b4 11.d5 e5 12.Bxf6 Qxf6 13.Ne4 Qh6+ 14.Kb1 Bd6 15.Nd4 Qg6
16.f4 O-O 17.f5 Qh6 18.Nf3 a5 19.Ba4 Nb6 20.Bc6 Ba6 21.Qf2 Rab8 22.Nfg5 Be7
23.h4 Bb7 24.Bxb7 Rxb7 25.Qg3 Nc4 26.Rdf1 Kh8 27.Qd3 Nd6 28.f6 gxf6 29.Nxd6 cxd6
30.Ne4 Rg8 31.Qf3 Qg6 32.g3 Rc7 33.h5 Qh6  1/2-1/2

[Event "ch-CHI"]
[Site "Santiago CHI"]
[Date "2010.02.28"]
[Round "13"]
[White "Romero Araya,D"]
[Black "Garcia Cardenas,P"]
[Result "0-1"]
[WhiteElo "2273"]
[BlackElo "2324"]

1.e4 d5 2.exd5 Qxd5 3.Nc3 Qd6 4.d4 Nf6 5.Nf3 c6 6.g3 g6 7.Bg2 Bg7 8.O-O O-O
9.h3 Nbd7 10.Re1 Re8 11.Qd3 Nb6 12.Bf4 Qd8 13.Be5 Bf5 14.Qe2 Qd7 15.Kh2 Rad8
16.Rad1 Qc8 17.g4 Be6 18.b3 h5 19.g5 Nfd5 20.Nxd5 Nxd5 21.Qd2 f6 22.Bg3 Bf7
23.c4 Nc7 24.Qa5 Ne6 25.Qxa7 fxg5 26.d5 cxd5 27.cxd5 Nf4 28.Nxg5 Nxg2 29.Kxg2 Bxd5+
30.Kh2 Qf5 31.Qe3 Rc8 32.Qf4 Qxf4 33.Bxf4 e6 34.Be5 Rf8 35.Bxg7 Rxf2+ 36.Kg3 Rg2+
37.Kf4 Kxg7 38.Nxe6+ Bxe6 39.Rxe6 Rf8+ 40.Ke3 Rxa2 41.Re7+ Kh6 42.Rd3 Rh2
43.Ke4 b5 44.Re3 Rf5 45.Re6 h4 46.Kd4 Rg2 47.R3e4 Kg5 48.b4 Rg3 49.Re3 Rxe3
50.Kxe3 Kh5 51.Rc6 g5 52.Rc5 Kg6 53.Rc6+ Rf6 54.Rc5 Rf5 55.Rc6+ Rf6 56.Rc5 Ra6
57.Kf3 Ra2 58.Rxb5 Rh2 59.Rb6+ Kh5 60.Rd6 Rxh3+ 61.Kg2 Rg3+ 62.Kh2 Rg4 63.b5 Rb4
64.b6 Kg4 65.Kg2 h3+ 66.Kh2 Rb2+ 67.Kg1 Kh4 68.Rc6 g4 69.Rd6 h2+ 70.Kh1 Kh3
71.Rd1 g3  0-1

[Event "Reykjavik Open"]
[Site "Reykjavik ISL"]
[Date "2010.03.01"]
[Round "7"]
[White "Johnsen,Sy"]
[Black "Ptacnikova,L"]
[Result "0-1"]
[WhiteElo "2032"]
[BlackElo "2315"]

1.e4 d5 2.exd5 Qxd5 3.Nc3 Qd6 4.Nf3 Nf6 5.d4 a6 6.Bc4 Nc6 7.O-O Bg4 8.Be3 e6
9.h3 Bh5 10.g4 Bg6 11.Qe2 Be7 12.a4 Nb4 13.Bb3 h5 14.g5 Ne4 15.Nh4 Bf5 16.Qf3 Nxc3
17.Nxf5 Ne2+ 18.Qxe2 exf5 19.Qf3 O-O 20.Qxh5 g6 21.Qf3 Rad8 22.h4 Nd5 23.Rad1 Nxe3
24.Qxe3 Rfe8 25.Kg2 Qc6+ 26.d5 Qc5 27.Rfe1 Qxe3 28.fxe3 Bc5 29.Rd3 Re4 30.Rh1 Rde8
31.Rh3 Kg7 32.h5 gxh5 33.Rxh5 Rxe3 34.Rxe3 Bxe3 35.Kf3 Kg6 36.d6 cxd6 37.Rh6+ Kxg5
38.Rxd6 Bc5 39.Rd7 Re3+ 40.Kg2 b6 41.Rxf7 Bd4 42.Rd7 Re2+ 43.Kf1 Rf2+ 44.Ke1 Be3
45.Rd5 a5 46.Bc4 Kg4 47.Be2+ Kg3 48.b3 Bc5 49.Rd7 Rh2 50.Rg7+ Kf4 51.Kd2 Ke4
52.Rg3 f4 53.Rf3 Be3+ 54.Kd1 Kd4 55.Rf1 Bf2 56.Kd2 Be3+ 57.Kd1 Kc3 58.Rf3 Rh1+
59.Rf1 Rh6 60.Bd3 Rh2 61.Be2 Rh8 62.Bd3 Rh2 63.Be2 Rxe2 64.Kxe2 Kxc2 65.Ra1 Kb2
66.Rf1 Kxb3 67.Ra1 Bd4 68.Rd1 Bc5 69.Rf1 Kxa4 70.Rxf4+ Kb3 71.Rf3+ Kc2 72.Rf4 Kc3
73.Rf3+ Kc4 74.Rf4+ Bd4 75.Kd2 b5 76.Kc2 b4 77.Rf3 a4 78.Kb1 b3 79.Rh3 a3
80.Rh2 Kd3 81.Rh3+ Be3 82.Rh2 Kc3 83.Ka1 Bd2 84.Rh7 Kc2 85.Rc7+ Bc3+ 86.Rxc3+ Kxc3
87.Kb1 b2  0-1

[Event "Reykjavik Open"]
[Site "Reykjavik ISL"]
[Date "2010.03.01"]
[Round "7"]
[White "Lee,GK"]
[Black "Sigurdsson,Birkir Karl"]
[Result "1/2-1/2"]
[WhiteElo "1534"]
[BlackElo "1446"]

1.e4 d5 2.exd5 Qxd5 3.Nc3 Qd8 4.Nf3 Nf6 5.h3 g6 6.Bc4 Bg7 7.d3 O-O 8.O-O b6
9.Bf4 Bb7 10.Re1 Nc6 11.a3 a6 12.Qe2 e6 13.Ne5 Nd4 14.Qd1 Nh5 15.Bh2 b5  1/2-1/2

[Event "Reykjavik Open"]
[Site "Reykjavik ISL"]
[Date "2010.03.03"]
[Round "9"]
[White "Bjornsson,T"]
[Black "Flaata,A"]
[Result "1/2-1/2"]
[WhiteElo "2155"]
[BlackElo "2069"]

1.e4 d5 2.exd5 Qxd5 3.Nc3 Qd6 4.d4 Nf6 5.Nf3 a6 6.Bd3 Bg4 7.h3 Bh5 8.g4 Bg6
9.Be3 Nc6 10.Qd2 Bxd3 11.Qxd3 O-O-O 12.O-O-O e6 13.Kb1 Be7 14.Ng5 Rhf8 15.Nge4 Nxe4
16.Nxe4 Qd5 17.Nc3 Qf3 18.Qe2 Qxe2 19.Nxe2 Rd7 20.c3 Rfd8 21.f4 e5 22.fxe5 Nxe5
23.Rdf1 Nc4 24.Bc1 Bd6 25.b3 Na3+ 26.Bxa3 Bxa3 27.Kc2 Re8 28.Rf2 Bd6 29.Rhf1 Rde7
30.Nc1 f6 31.Kd2 Bg3 32.Re2 Bh4 33.Rxe7 Bg5+ 34.Kd1 Rxe7 35.Rf3 Bxc1 36.Kxc1 Re2
37.a4 Kd7 38.Kd1 Rb2 39.c4 Kd6 40.Re3 c6 41.Kc1 Rh2 42.Kd1 a5 43.Kc1 b6 44.Kd1 Rf2
45.Ke1 Rb2 46.Kd1 Rf2  1/2-1/2

[Event "11th EICC Men"]
[Site "Rijeka CRO"]
[Date "2010.03.06"]
[Round "1"]
[White "Gallagher,Jo"]
[Black "Dubrovic,Ra"]
[Result "1-0"]
[WhiteElo "2486"]
[BlackElo "1577"]

1.e4 d5 2.exd5 Qxd5 3.Nc3 Qd6 4.d4 a6 5.Nf3 Nf6 6.g3 Bg4 7.Bg2 e6 8.O-O Nbd7
9.h3 Bh5 10.Bf4 Qb6 11.d5 O-O-O 12.dxe6 Qxe6 13.g4 Nxg4 14.hxg4 Qxg4 15.Bh2 Qg6
16.Qd5 Nb6 17.Qg5 Bd6 18.Bxd6 Rxd6 19.Qxg6 Rxg6 20.Ne5 Rg5 21.f4 Rf5 22.Bh3 Bg6
23.Rad1 Kb8 24.Bxf5 Bxf5 25.Nxf7 Rf8 26.Rd8+ Rxd8 27.Nxd8 Bxc2 28.Ne6  1-0

[Event "3rd Inv FIDE MN"]
[Site "Saint Paul USA"]
[Date "2010.03.06"]
[Round "7"]
[White "Dahl,M"]
[Black "Wasiluk,K"]
[Result "1/2-1/2"]
[WhiteElo "2054"]
[BlackElo "2214"]

1.e4 d5 2.exd5 Qxd5 3.Nc3 Qd6 4.d4 c6 5.Nf3 Bf5 6.Bc4 Nf6 7.Ne5 e6 8.Bf4 Nbd7
9.O-O Nxe5 10.Bxe5 Qd8 11.Bd3 Bg6 12.Re1 Be7 13.Qf3 O-O 14.Bxg6 hxg6 15.Ne4 Nxe4
16.Qxe4 Qd5  1/2-1/2

[Event "81st ch-GER"]
[Site "Bad Liebenzell GER"]
[Date "2010.03.07"]
[Round "3"]
[White "Hirneise,J"]
[Black "Vatter,H"]
[Result "1-0"]
[WhiteElo "2294"]
[BlackElo "2328"]

1.e4 d5 2.exd5 Qxd5 3.Nc3 Qd6 4.d4 Nf6 5.Nf3 a6 6.Bc4 Bg4 7.h3 Bh5 8.Qe2 Nc6
9.g4 Bg6 10.Be3 O-O-O 11.O-O-O e6 12.Bxa6 Nb4 13.Bc4 Bxc2 14.Rd2 Bg6 15.Ne5 Nfd5
16.Nxg6 hxg6 17.Nb5 Qb6 18.a3 c6 19.axb4 cxb5 20.Bxb5 Bxb4 21.Rc2+ Kb8 22.Kb1 Rc8
23.Rxc8+ Rxc8 24.Rc1 Rxc1+ 25.Kxc1 Bd6 26.Kb1 Be7 27.Qd3 g5 28.Be8 f6 29.Bg6 Bd6
30.Be4 Qa5 31.Bd2 Qa4 32.b3 Qd7 33.Qc4 Bf4 34.Bb4 Bc7 35.Bxd5 exd5 36.Qe2 Bb6
37.Bc5 Bxc5 38.dxc5 Kc7 39.Kc2 Kc6 40.b4 b6 41.Qa6 Qc7 42.Kd3 Qb8 43.Qxb6+ Qxb6
44.cxb6  1-0

[Event "26th ChessOrg Schachfestival"]
[Site "Bad Woerishofen GER"]
[Date "2010.03.07"]
[Round "2"]
[White "Schellmann,F"]
[Black "Pirrot,D"]
[Result "1/2-1/2"]
[WhiteElo "2114"]
[BlackElo "2414"]

1.e4 d5 2.exd5 Qxd5 3.Nc3 Qd6 4.d4 Nf6 5.Nf3 c6 6.Ne5 Nbd7 7.Nc4 Qc7 8.Qf3 Nb6
9.Bf4 Qd7 10.Be5 Qf5 11.Qxf5 Bxf5 12.Ne3 Bg6 13.O-O-O e6 14.a3 O-O-O 15.Be2 h5
16.h3 Nfd5 17.Ncxd5 exd5 18.g4 f6 19.Bf4 Be4 20.f3 Bg6 21.g5 Bd6 22.Ng2 Rhe8
23.Bf1 fxg5 24.Bxg5 Rd7 25.Re1 Rf8 26.Nh4 Bh7 27.Rg1 Kc7 28.Be2 Nc4 29.Bd3 Bxd3
30.cxd3 Nb6 31.Ref1 Bf4+ 32.Kc2 Bxg5 33.Rxg5 Rf4 34.Rxh5 Rdf7 35.Rg1 Rxd4
36.Nf5 Rf4 37.Nxg7 Rxf3 38.Ne6+ Kd6 39.Rg6 R3f6 40.Ng5 Rxg6 41.Nxf7+ Kc5
42.Ng5 a5 43.h4 Nc8 44.Rh8 Nd6 45.Rf8 Kd4 46.Kd2 b5 47.Nf3+ Kc5 48.Ke3 d4+
49.Kf4 Kd5 50.h5 Re6 51.Kg5 Re7 52.b4 axb4 53.axb4 Rg7+ 54.Kh4 Rf7 55.Rxf7 Nxf7
56.Ng5 Nh6 57.Ne4 Nf7 58.Ng5 Nh6  1/2-1/2

[Event "11th EICC Men"]
[Site "Rijeka CRO"]
[Date "2010.03.07"]
[Round "2"]
[White "Burstein,A"]
[Black "Bodiroga,P"]
[Result "0-1"]
[WhiteElo "2100"]
[BlackElo "2422"]

1.e4 d5 2.exd5 Qxd5 3.Nc3 Qd6 4.d4 Nf6 5.Nf3 c6 6.Be2 Bf5 7.Be3 Nbd7 8.Qd2 e6
9.Nh4 Bg4 10.f3 Bh5 11.g4 Bg6 12.Nxg6 hxg6 13.O-O-O O-O-O 14.Bf4 Qb4 15.a3 Qa5
16.Ne4 Qxd2+ 17.Rxd2 Nb6 18.Ng5 Rd7 19.c4 Nh7 20.Ne4 Be7 21.Rhd1 g5 22.Bg3 Nf8
23.b4 Ng6 24.Nc5 Rdd8 25.Kc2 Nf4 26.Bf1 Bxc5 27.bxc5 Nd7 28.Kc3 f6 29.Kb4 Nf8
30.h4 Rxh4 31.Bxh4 gxh4 32.a4 g5 33.a5 a6 34.Kc3 N8g6 35.Bd3 Ne7 36.Bc2 Kc7
37.Be4 h3 38.Rh1 Rh8 39.Rdh2 f5 40.Bd3 Rh4 41.Bf1 fxg4 42.fxg4 Rxg4 43.Bxh3 Rg3+
44.Kc2 Neg6 45.Bxe6 Nxe6 46.Rh7+ Kc8 47.d5 cxd5 48.cxd5 Nxc5 49.Rg7 Nf8 50.Rh8 Rf3
51.Rgg8 Nd7 52.Rxg5 Kc7 53.Rh6 Nf6 54.Rg7+ N8d7 55.Rg5 Kd6 56.Rhg6 Kc5 57.Kb2 Nxd5
58.Rg7 Kc6 59.R7g6+ N7f6 60.Rg7 b6 61.axb6 Kxb6 62.Rg3 Rf2+ 63.Kb3 a5 64.R7g6 Kb5
65.R3g5 Rf3+ 66.Kb2 Kc4 67.Rg3 Rf2+ 68.Ka3 Ne4 69.R3g4 Nc3 70.Rc6+ Kb5 71.Rxc3 Nxc3
72.Rg5+ Kb6 73.Rg6+ Kc5 74.Rg5+ Nd5 75.Rh5 Rf4 76.Rg5 Rd4 77.Rh5 Kb5 78.Rg5 Rd3+
79.Kb2 Ka4  0-1

[Event "11th EICC Women"]
[Site "Rijeka CRO"]
[Date "2010.03.07"]
[Round "2"]
[White "Dolzhykova,K"]
[Black "Bogumil,T"]
[Result "1-0"]
[WhiteElo "2290"]
[BlackElo "2201"]

1.e4 d5 2.exd5 Qxd5 3.Nc3 Qd6 4.d4 c6 5.Nf3 Nf6 6.Ne5 Nbd7 7.Nc4 Qc7 8.g3 Nb6
9.Bf4 Qd8 10.Ne3 Nfd5 11.Nexd5 Nxd5 12.Qf3 Be6 13.Bg2 Nxc3 14.Qxc3 Bd5 15.f3 Qb6
16.a3 a5 17.O-O a4 18.Rfe1 e6 19.Rad1 Qa5 20.Qd3 b5 21.Bd2 Qb6 22.f4 O-O-O
23.Bxd5 Rxd5 24.Be3 Kb7 25.Rc1 Be7 26.c4 bxc4 27.Rxc4 Qb3 28.Qxb3+ axb3 29.Rec1 Rc8
30.a4 Ra5 31.R1c3 Ra6 32.Rxb3+ Kc7 33.Rbc3 Rb8 34.Bc1 Kd7 35.Kf2 Bb4 36.Rc2 Bd6
37.Kf3 Rba8 38.Be3 Rxa4 39.Rxc6 Rb4 40.d5 Rab8 41.dxe6+ fxe6 42.Rxd6+ Kxd6
43.Bc5+ Kd7 44.Bxb4 Rxb4 45.Kg4 Rb3 46.Re2 Rd3 47.b4 Rb3 48.Ra2 Ke7 49.Ra7+ Kf6
50.Rb7 Rb2 51.h4 Rb3 52.h5 h6 53.Rb6 Rc3 54.b5 Rc1 55.Rb8 Rb1 56.b6 Rb3 57.b7 Kf7
58.Kh3 Rb2 59.g4 Rb3+ 60.Kg2 Rb2+ 61.Kf3 Rb3+ 62.Ke4 Rb1 63.g5 Rb4+ 64.Kf3  1-0

[Event "11th EICC Women"]
[Site "Rijeka CRO"]
[Date "2010.03.08"]
[Round "3"]
[White "Zawadzka,J"]
[Black "Muzychuk,A"]
[Result "1/2-1/2"]
[WhiteElo "2404"]
[BlackElo "2533"]

1.e4 d5 2.exd5 Qxd5 3.Nc3 Qd6 4.d4 Nf6 5.Nf3 g6 6.Bc4 Bg7 7.h3 O-O 8.Be3 a6
9.a4 Nc6 10.O-O Bf5 11.Re1 Rad8 12.Qe2 Nb4 13.Bb3 Be6 14.Nd2 Bxb3 15.Nxb3 Nbd5
16.Nxd5 Nxd5 17.Bd2 Rfe8 18.c4 Nf4 19.Qe4 Ne6 20.d5 Nc5 21.Nxc5 Qxc5 22.b4 Qd4
23.Qxd4 Bxd4 24.Rad1 Bf6 25.Bf4 Rd7 26.Rc1 e6 27.dxe6 Rxe6 28.Rxe6 fxe6 29.Kf1 Kf7
30.Ke2 c6 31.Be3 Be7 32.b5 axb5  1/2-1/2

[Event "11th EICC Women"]
[Site "Rijeka CRO"]
[Date "2010.03.08"]
[Round "3"]
[White "Abdulla,K"]
[Black "Papadopoulou,V"]
[Result "1/2-1/2"]
[WhiteElo "2141"]
[BlackElo "2228"]

1.e4 d5 2.exd5 Qxd5 3.Nc3 Qd6 4.d4 Nf6 5.Nf3 c6 6.g3 Bg4 7.Bg2 e6 8.Bf4 Qd8
9.Qd2 Nbd7 10.O-O Be7 11.h3 Bh5 12.Rfe1 O-O 13.a3 Nd5 14.Nxd5 cxd5 15.Ne5 Nxe5
16.Bxe5 Rc8 17.c3 b5 18.Bf1 Qb6 19.Qd3 a6 20.Ra2 f6 21.Bf4 Bf7 22.a4 e5 23.axb5 a5
24.dxe5 d4 25.Raa1 fxe5 26.Bxe5 dxc3 27.bxc3 Bc5 28.Bd4 Bb3 29.Bxc5 Qxc5
30.Re3 a4 31.Qe2 Qb6 32.Qg4 Rxc3 33.Qe4 Qf6 34.Rxc3 Qxc3 35.Re1 a3 36.Re3 Qb2
37.Bc4+ Bxc4 38.Qxc4+ Kh8 39.Re2 Qb1+ 40.Kh2 h6 41.Kg2 Rb8 42.Rd2 Re8 43.Ra2 Ra8
44.Qd5 Ra4 45.Re2 Qg6 46.Qd8+ Kh7 47.Re8 Qxe8 48.Qxe8 a2 49.b6 a1=Q 50.b7 Rb4
51.b8=Q Rxb8 52.Qxb8 Qd4 53.Qf8 Qd5+ 54.Qf3 Qd4 55.Qf5+ Kh8 56.h4 Qc3 57.g4 Qd4
58.Qe6 Qd8 59.Kg3 Qd3+ 60.f3 Qd2 61.Qe8+ Kh7 62.Qe4+ Kh8 63.Qe5 Qc1 64.g5 hxg5
65.hxg5 Qg1+ 66.Kf4 Qh2+ 67.Kf5 Qc2+ 68.Qe4 Qc5+ 69.Kg6 Qd6+ 70.Kh5 Qh2+
71.Qh4 Qc2 72.Qh3 Kh7 73.Qg3 Qf5 74.Qg4 g6+ 75.Kh4 Qd5 76.Qf4 Qd7 77.Qf8 Qd4+
78.Kh3 Qd7+ 79.Kg3 Qc7+ 80.f4 Qc3+ 81.Kg4 Qd3 82.Qh6+ Kg8 83.Qh3 Qf5+ 84.Kg3 Qd3+
85.Kh4 Qe4 86.Qc8+ Kh7 87.Qd7+ Kg8 88.Qd8+ Kh7  1/2-1/2

[Event "11th EICC Women"]
[Site "Rijeka CRO"]
[Date "2010.03.08"]
[Round "3"]
[White "Kosintseva,T"]
[Black "Foisor,C"]
[Result "1-0"]
[WhiteElo "2524"]
[BlackElo "2433"]

1.e4 d5 2.exd5 Qxd5 3.Nc3 Qd6 4.d4 Nf6 5.Nf3 g6 6.Bc4 Bg7 7.O-O O-O 8.h3 a6
9.a4 Bf5 10.b3 Nc6 11.Ba3 Qd8 12.Re1 Ne8 13.Bd5 Nd6 14.Bxc6 bxc6 15.Ne5 Qe8
16.Qe2 a5 17.Rad1 Kh8 18.d5 Ne4 19.Nxe4 Bxe5 20.Ng3 f6 21.Nxf5 gxf5 22.Qf3 cxd5
23.Rxd5 c6 24.Rdxe5 fxe5 25.Rxe5 Rf7 26.Bb2 Kg8 27.Re6 Qd7 28.Qg3+ Kf8 29.Qc3 Ke8
30.Rxc6 Rd8 31.Kh2 Qd2 32.Qg3 f4 33.Qg8+ Rf8 34.Qxh7 Qxf2 35.Qh5+ Rf7 36.Rg6  1-0

[Event "11th EICC Men"]
[Site "Rijeka CRO"]
[Date "2010.03.10"]
[Round "5"]
[White "Camber,I"]
[Black "Dubrovic,Ra"]
[Result "1-0"]
[WhiteElo "1911"]
[BlackElo "1577"]

1.e4 d5 2.exd5 Qxd5 3.Nc3 Qd6 4.d4 Nf6 5.Nf3 a6 6.g3 Nc6 7.Bg2 Bg4 8.Be3 O-O-O
9.O-O g6 10.h3 Bf5 11.Bf4 Qb4 12.d5 Qxb2 13.Na4 Qb5 14.Rb1 Qxd5 15.Ne5 Qxd1
16.Bxc6 Qxf1+ 17.Kxf1 bxc6 18.Nxc6 Bxh3+ 19.Ke2 Rd5 20.Na7+ Kd7 21.Rb7 Ra5
22.Nb6+ Ke6 23.Rxc7 Kf5 24.f3 e5 25.Bd2 Rxa2 26.Rxf7 Ke6 27.Rc7 Bd6 28.Rc6 Ke7
29.g4 h5 30.Bg5 Rf8 31.Nd5+ Kd7 32.Nxf6+ Ke6 33.Ne4 Kd5 34.Rxd6+ Kc4 35.Rc6+ Kb4
36.Bd2+ Ka3 37.Rxa6+ Kb2 38.Bc3+ Kb1 39.Nd2+ Kxc2 40.Rxa2+ Kxc3 41.gxh5 gxh5
42.Nb5+ Kb4 43.Rb2+ Kc5 44.Ne4+ Kc6 45.Na7+ Kc7 46.Nb5+ Kd7 47.Ke3 Kc6 48.Rh2 Bf5
49.Nbc3 Bg6 50.Rd2 Kc7 51.Rd6 Bxe4 52.Nxe4 Rf4 53.Rh6 h4 54.Rh5 Kd7 55.Rxe5 Rf7
56.Rh5 Ke6 57.Ng5+  1-0

[Event "11th EICC Women"]
[Site "Rijeka CRO"]
[Date "2010.03.10"]
[Round "5"]
[White "Manakova,M"]
[Black "Papadopoulou,V"]
[Result "1-0"]
[WhiteElo "2315"]
[BlackElo "2228"]

1.e4 d5 2.exd5 Qxd5 3.Nc3 Qd6 4.d4 Nf6 5.Bc4 c6 6.Nf3 Bg4 7.Be3 e6 8.Qd2 Qc7
9.Ne5 Bd6 10.f3 Bf5 11.g4 Bg6 12.h4 h5 13.Nxg6 fxg6 14.O-O-O Nd5 15.Nxd5 cxd5
16.Bd3 O-O 17.gxh5 gxh5 18.Rhg1 Bf4 19.Kb1 Nc6 20.Bxf4 Qxf4 21.Qg2 Qh6 22.Bg6 Rf4
23.Rde1 Rf6 24.c3 Ne7 25.Bxh5 Nf5 26.Qg5 b5 27.a3 a5 28.Bg4 Kf8 29.Bxf5 exf5
30.Re5 b4 31.Qxh6 gxh6 32.Rxd5 bxc3 33.bxc3 Rc8 34.Kc2 a4 35.Kd3 f4 36.Rb1 Re8
37.Re5 Rc8 38.Rb4 Rfc6 39.c4 Kf7 40.Rf5+ Rf6 41.Rb7+ Kg6 42.Re5 h5 43.Rg5+ Kh6
44.Rbb5 Rg6 45.Rxh5+ Kg7 46.Rb7+ Kf6 47.Ra5  1-0

[Event "26th ChessOrg Schachfestival"]
[Site "Bad Woerishofen GER"]
[Date "2010.03.11"]
[Round "6"]
[White "Bartels,Ho"]
[Black "Rolle,E"]
[Result "0-1"]
[WhiteElo "2123"]
[BlackElo "2270"]

1.e4 d5 2.exd5 Qxd5 3.Nc3 Qd6 4.Bb5+ c6 5.Bc4 Nf6 6.d4 Bg4 7.f3 Bh5 8.Nge2 Nbd7
9.Bf4 Qb4 10.Bb3 O-O-O 11.a3 Qa5 12.Bc4 e5 13.b4 Qc7 14.Bg3 Bd6 15.Bf2 Nb6
16.Bd3 Rhe8 17.Ne4 Nxe4 18.Bxe4 exd4 19.Qd3 Bg6 20.O-O-O Bxe4 21.fxe4 c5
22.bxc5 Qxc5 23.Bxd4 Qxa3+ 24.Bb2 Qa2 25.Qh3+ Kb8 26.Qxh7 Nc4 27.Qxg7 Nxb2  0-1